01379 a2200289 4500003000500000005001700005010001700022020002500039020003000064035002000094040000900114082001600123245006300139250012000202260005000322300001700372505043800389650003200827650002500859650002500884650003500909650003200944700002200976700002400998700002101022710004601043Nust20250416122426.0 a 2010002592 a9780763778286 (pbk.) a9780763778491 (hardcover) a(DNLM)101523200 cNust00a616.025,EME00aEmergency care and transportation of the sick and injured. a2nd ed. /bAmerican Academy of Orthopaedic Surgeons ; editors, Benjamin Gulli, Joseph A. Ciatolla, Leaugeay Barnes. aSudbury, Mass. :bJones and Bartlett,cc1977. a480p. ;ccm. aIntroduction (Page-1), Anatomy, Diagnostic Signs And Triage (Page-17), Basic Life Support (Page-39), The Musculoskeletal System (Page-119), The Heat And Nervous System (Page-181), The Abdomen And Genitourinary System (Page-207), Medical Emergencies (Page-231), Childbirth And Special Pediatric Problems (Page-259), Mental Health Problems (Page-285), Environmental Injuries (Page-301), Communications, Records And Reports (Page-407). 0aEmergency Medical Services. 0aEmergency Treatment. 0aMedical emergencies. 0aTransport of sick and wounded. 0aTransportation of Patients.1 aBarnes, Leaugeay.1 aCiatolla, Joseph A.1 aGulli, Benjamin.2 aAmerican Academy of Orthopaedic Surgeons.